Saláty

Bibliographic Details
Main Author: Horecká, Jana (Author)
Other Authors: Horecký, Vladimír (Photographer)
Format: Book
Language:Czech
Slovak
PhysicalDescription:78 s., [8] s. fareb. obr. príl. fareb. fotogr. 20 cm
Published: Žilina Knižné centrum [1997]
ISBN:8088723590
Series:Recepty šikovné hospodyňky
Subjects:

MARC

LEADER 00000cam a2200000 a 4500
001 vtls001320714
003 SK-MaSNL
005 20260301235502.0
008 240318s1997 xo o 000 0 cze
015 |a SNBA1998/06-02012 
020 |a 8088723590  |q (brož.) 
035 |a SNK000273348 
035 |a urn:nbn:sk:snk-amkrp0 
035 |a urn:nbn:sk:snk-am005bdu 
035 |a D6CE1008-C193-477F-8D67-3CA67F18DCD6 
040 |a SNK  |b slo  |c SNK  |e AACR2 
041 1 |a cze  |h slo 
044 |a xo  |c SK 
080 |a 641.83(083.12)=850  |2 1981 
100 1 |a Horecká, Jana  |4 aut  |9 231506 
245 1 0 |a Saláty  |c Jana Horecká ; [autor fotografií: Vladimír Horecký] 
260 |a Žilina  |b Knižné centrum  |c [1997] 
300 |a 78 s., [8] s. fareb. obr. príl.  |b fareb. fotogr.  |c 20 cm 
490 1 |a Recepty šikovné hospodyňky 
500 |a Údaj o fotogr. prevzatý z rubu tit. strany 
650 0 7 |a šaláty  |x príprava  |x predpisy kuchárske  |2 SNKPH  |9 293431 
655 7 |a príručky  |2 SNKPH  |9 74364 
700 1 |a Horecký, Vladimír  |4 pht  |9 44316 
830 0 |a Recepty šikovné hospodyňky  |9 287812 
919 |a 80-88723-59-0 
958 |a SK 
958 |a CZ 
958 |a OP 
968 |a ČES  |b SLO 
999 |c 975237  |d 977167 
952 |t P60, <03>, [BOOK], {603}  |a SNK  |b SNK  |y PREZ  |7 0  |p 17A0122624  |o snkSD 69263  |i snkKSP 1698/98  |0 0  |1 0  |4 0  |d 1998-02-13  |l 0  |r 2005-01-02 00:00:00  |w 2026-02-24 
952 |t P60, <04>, [BOOK], {604}  |a SNK  |b SNK  |y VYP  |7 0  |p 17A0122625  |o snkSD 69263 D1  |i snkKSP 1699/98  |0 0  |1 0  |4 0  |d 1998-02-13  |f 1  |l 0  |r 2005-01-02 00:00:00  |w 2026-02-24